000 00425nam a2200145 4500
999 _c5453
_d5453
008 161103b xxu||||| |||| 00| 0 eng d
022 _a9770118389007
082 _aDPer 641.05 F73 Mar-Jul 2013
245 _aTasting Australia at the Peninsula Manila.
260 _aQuezon City:
_bABS CBN Publishing, Inc.,
_c©2013.
300 _apages 14-16;
_c30 cm.
500 _aFood.
650 0 _916776
_aFood
942 _2ddc
_cPER